Department for Transport annual report 2003 (Record no. 102835)

MARC details
000 -LEADER
fixed length control field 00705cam a2200193 4500
001 - CONTROL NUMBER
control field J122352
008 - FIXED-LENGTH DATA ELEMENTS--GENERAL INFORMATION
fixed length control field 030521n2003 000 0 eng u
035 ## - SYSTEM CONTROL NUMBER
System control number (Sirsi) u122353
041 ## - LANGUAGE CODE
Language code of text/sound track or separate title eng
050 ## - LIBRARY OF CONGRESS CALL NUMBER
Classification number 711.7
-- 18
110 ## - MAIN ENTRY--CORPORATE NAME
Corporate name or jurisdiction name as entry element DfT
9 (RLIN) 4403
245 ## - TITLE STATEMENT
Title Department for Transport annual report 2003
260 ## - PUBLICATION, DISTRIBUTION, ETC.
Place of publication, distribution, etc. London
Name of publisher, distributor, etc. DfT
Date of publication, distribution, etc. 2003
520 ## - SUMMARY, ETC.
Summary, etc. The DfT has published its first annual report since its inception in May 2002. The report considers the progress made towards its stated objectives. View at www.dft.gov.uk.
650 ## - SUBJECT ADDED ENTRY--TOPICAL TERM
Topical term or geographic name entry element DFT
690 ## - LOCAL SUBJECT ADDED ENTRY--TOPICAL TERM (OCLC, RLIN)
Topical term or geographic name as entry element TRANSPORT AND COMMUNICATIONS
856 ## - ELECTRONIC LOCATION AND ACCESS
Uniform Resource Identifier <a href="https://www.dft.gov.uk/about/annual2003/index.htm">https://www.dft.gov.uk/about/annual2003/index.htm</a>
Hours access method available View the report on the DfT website...
942 ## - ADDED ENTRY ELEMENTS (KOHA)
Suppress in OPAC 0
Holdings
Withdrawn status Lost status Source of classification or shelving scheme Damaged status Not for loan Home library Current library Shelving location Date acquired Total Checkouts Full call number Barcode Date last seen Copy number Price effective from Koha item type
    Dewey Decimal Classification     Virtual Virtual Online 21/05/2003   ONLINE PUBLICATION 122353-1001 06/08/2019 1 06/08/2019 Book